LIBRARY & INFORMATION CENTRE, KCAET, TAVANUR

ONLINE PUBLIC ACCESS CATALOGUE (OPAC)

Miss Kerala / (Record no. 12603)

MARC details
000 -LEADER
fixed length control field 00431cam a2200181ua 4500
041 ## - LANGUAGE CODE
Language code of text/sound track or separate title mal
082 ## - DEWEY DECIMAL CLASSIFICATION NUMBER
Classification number 894.8122
Item number ANA/MI
100 ## - MAIN ENTRY--AUTHOR NAME
Personal name Anandakuttan, .
245 ## - TITLE STATEMENT
Title Miss Kerala /
250 ## - EDITION STATEMENT
Edition statement 1 /
260 ## - PUBLICATION, DISTRIBUTION, ETC. (IMPRINT)
Place of publication Konni :
Name of publisher Venus Press & Book Depot, ,
Year of publication 1958.
300 ## - PHYSICAL DESCRIPTION
Number of Pages 88 ; .
942 ## - ADDED ENTRY ELEMENTS (KOHA)
Koha item type Books
Holdings
Withdrawn status Lost status Damaged status Home library Current library Date acquired Full call number Accession Number Koha item type
      KAUAET KAUAET 07/04/2012 894.8122 1462 Books
free website counter